|
|
|
|
| LEADER |
00676nam a2200253 a 4500 |
| 001 |
adlib96000001 |
| 003 |
ViArRB |
| 005 |
20151026132115.0 |
| 008 |
960221s1955 dcuabcdjdbkoqu001 0deng d |
| 020 |
|
|
|a 007-049505-X
|
| 022 |
|
|
|
| 040 |
|
|
|a Adlib
|
| 082 |
|
|
|a 37.048.4
|
| 245 |
|
|
|a Careers: a pathfinder
|
| 250 |
|
|
|
| 260 |
|
|
|a New Delhi
|b Tata McGraw-Hill
|c 2004
|
| 300 |
|
|
|a xxviii, 666p.
|
| 500 |
|
|
|a
|
| 100 |
|
|
|a Gupta, Vibha
|
| 700 |
|
|
|
| 942 |
|
|
|c REF
|6 _
|
| 653 |
|
|
|a Careers - planning
|a Careers - handbooks, manuals
|
| 999 |
|
|
|c 41808
|d 41808
|
| 952 |
|
|
|0 0
|1 0
|4 0
|6 370484_GUP
|7 0
|9 53839
|a UL
|b UL
|d 2010-06-16
|o 37.048.4 GUP
|p 00052570
|r 2010-06-16
|w 2010-06-16
|y REF
|